Guess the Famous People from their Eyes - Sports Edition #2 - Statistics

General Stats
  • This quiz has been taken 52 times
  • The average score is 6 of 16
Answer Stats
Picture Answer % Correct
Tiger Woods
80%
Cristiano Ronaldo
67%
Shaquille O'Neal
67%
Lewis Hamilton
65%
Rafael Nadal
65%
Jesse Owens
41%
Peyton Manning
35%
Tony Hawk
33%
Alex Morgan
29%
Maria Sharapova
27%
Caitlin Clark
22%
Joe DiMaggio
20%
Tyson Fury
20%
Shane Warne
14%
Allyson Felix
12%
MS Dhoni
8%
No matching quizzes found
Score Distribution
Percent of People with Each Score
Percentile by Number Answered
Your Score History
You have not taken this quiz